Glavni gradovi Svijeta - Statistics

General Stats
  • This quiz has been taken 5 098 times
    4 508 since last reset
  • The average score is 63 of 196
Answer Stats
Zemlja Glavni grad % Correct
Albanija Tirana
88%
Bosna i Hercegovina Sarajevo
86%
Austrija Beč
85%
Hrvatska Zagreb
85%
Francuska Pariz
84%
Italija Rim
82%
Srbija Beograd
81%
Crna Gora Podgorica
80%
Češka Prag
79%
Bugarska Sofija
79%
Njemačka Berlin
78%
Rusija Moskva
78%
Belgija Bruxelles
77%
Ujedinjena Kraljevina London
77%
Španjolska Madrid
77%
Danska Kopenhagen
75%
Slovenija Ljubljana
75%
Vatikan Vatikan
75%
Mađarska Budimpešta
74%
Ukrajina Kijev
73%
Portugal Lisabon
73%
Norveška Oslo
73%
Nizozemska Amsterdam
72%
Kosovo Priština
72%
San Marino San Marino
72%
Švicarska Bern
71%
Luksemburg Luxembourg
71%
Monako Monaco
70%
Irska Dublin
69%
Finska Helsinki
69%
Bjelorusija Minsk
69%
Sjeverna Makedonija Skoplje
69%
Grčka Atena
68%
Poljska Varšava
68%
Slovačka Bratislava
67%
Rumunjska Bukurešt
65%
Island Reykjavík
63%
Švedska Stockholm
63%
Latvija Riga
62%
Japan Tokio
62%
Estonija Tallinn
59%
Brazil Brasília
55%
Kina Peking
55%
Turska Ankara
54%
Malta Valletta
54%
Andora Andorra la Vella
51%
Lihtenštajn Vaduz
49%
Sjedinjene Američke Države Washington D.C.
49%
Južna Koreja Seul
46%
Argentina Buenos Aires
45%
Egipat Kairo
45%
Moldova Kišinjev
45%
Indija New Delhi
44%
Kanada Ottawa
42%
Litva Vilnius
42%
Meksiko Ciudad de México
41%
Katar Doha
41%
Iran Teheran
41%
Azerbajdžan Baku
40%
Australia Canberra
39%
Uruguvaj Montevideo
39%
Irak Bagdad
38%
Izrael Jeruzalem
38%
Cipar Nikozija
38%
Singapur Singapore
38%
Ujedinjeni Arapski Emirati Abu Dhabi
37%
Afganistan Kabul
37%
Alžir Alžir
36%
Kuba Havana
36%
Peru Lima
36%
Sjeverna Koreja Pjongjang
36%
Filipini Manila
35%
Saudijska Arabija Rijad
35%
Čile Santiago
35%
Tajland Bangkok
33%
Panama Ciudad de Panamá
33%
Kolumbija Bogotá
32%
Bangladeš Dhaka
32%
Indonezija Jakarta
32%
Sirija Damask
31%
Armenija Erevan
31%
Gruzija Tbilisi
31%
Tunis Tunis
31%
Kuvajt Kuwait
30%
Kazahstan Astana
28%
Pakistan Islamabad
28%
Malezija Kuala Lumpur
28%
Novi Zeland Wellington
28%
Venezuela Caracas
27%
Jamajka Kingston
27%
Libanon Beirut
26%
Bolivia La Paz / Sucre
26%
Maroko Rabat
26%
Mongolija Ulaanbaatar
26%
Jordan Amman
25%
Južna Afrika Pretoria / Cape Town / Bloemfontein
25%
El Salvador San Salvador
24%
Vijetnam Hanoi
23%
Jemen Sana'a
23%
Maldivi Malé
22%
Kenija Nairobi
22%
Etiopija Addis Ababa
21%
Libija Tripoli
21%
Istočni Timor Dili
20%
Nepal Katmandu
20%
Bahrein Manama
20%
Ekvador Quito
20%
Tajvan Taipei
20%
Uzbekistan Taškent
20%
Kirgizstan Biškek
19%
Senegal Dakar
19%
Tadžikistan Dušanbe
19%
Angola Luanda
19%
Dominikanska Republika Santo Domingo
19%
Madagaskar Antananarivo
18%
Oman Muskat
18%
Kambodža Phnom Penh
18%
Gana Accra
17%
Paragvaj Asunción
17%
Gvajana Georgetown
17%
Kostarika San José
17%
Nigerija Abuja
16%
Gvineja Bisau Bissau
16%
Guatemala Ciudad de Guatemala
16%
Surinam Paramaribo
16%
Trinidad i Tobago Port-of-Spain
16%
Belize Belmopan
15%
Demokratska Republika Kongo Kinshasa
15%
Bahami Nassau
15%
Turkmenistan Ašgabat
14%
Sveti Vincent i Grenadini Kingstown
14%
Nikaragva Managua
14%
Komori Moroni
14%
Čad N'Djamena
14%
Haiti Port-au-Prince
14%
Fidži Suva
14%
Brunei Bandar Seri Begawan
13%
RepubliKa Kongo Brazzaville
13%
Džibuti Djibouti
13%
Sijera Leone Freetown
13%
Zimbabve Harare
13%
Sveti Toma i Prinsipe São Tomé
13%
Butan Thimphu
13%
Sejšeli Victoria
13%
Barbados Bridgetown
12%
Bocvana Gaborone
12%
Zambija Lusaka
12%
Benin Porto-Novo / Cotonou
12%
Honduras Tegucigalpa
12%
Eritreja Asmara
11%
Tanzanija Dodoma
11%
Južni Sudan Juba
11%
Togo Lomé
11%
Somalija Mogadishu
11%
Antigva i Barbuda Saint John's
11%
Laos Vientiane
11%
Kamerun Yaoundé
11%
Samoa Apia
10%
Mali Bamako
10%
Uganda Kampala
10%
Sudan Khartoum
10%
Ruanda Kigali
10%
Gabon Libreville
10%
Lesoto Maseru
10%
Liberija Monrovia
10%
Mozambik Maputo
9%
Papua Nova Gvineja Port Moresby
9%
Vanuatu Port Vila
9%
Dominika Roseau
9%
Grenada Saint George's
9%
Šri Lanka Sri Jayawardenepura Kotte
9%
Gambija Banjul
8%
Sveta Lucija Castries
8%
Tuvalu Funafuti
8%
Burundi Gitega
8%
Esvatini Mbabane
8%
Mjanmar Naypyidaw
8%
Burkina Faso Ouagadougou
8%
Savezne Države Micronezije Palikir
8%
Mauricijus Port Louis
8%
Zelenortska Republika Praia
8%
Namibija Windhoek
8%
Nauru Yaren
8%
Gvineja Conakry
7%
Malavi Lilongwe
7%
Maršalovi Otoci Majuro
7%
Ekvatorska Gvineja Malabo
7%
Niger Niamey
7%
Kiribati South Tarawa
7%
Obala Bjelokosti Yamoussoukro
7%
Srednjoafrička Republika Bangui
6%
Sveti Kristofor i Nevis Basseterre
6%
Tonga Nukuʻalofa
6%
Solomonski Otoci Honiara
5%
Mauritanija Nouakchott
5%
Palau Ngerulmud
4%
No matching quizzes found
Score Distribution
Percent of People with Each Score
Percentile by Number Answered
Your Score History
You have not taken this quiz since the last reset